000 00305 a2200157 4500
001 161682
020 _a
040 _cMagnum
100 _a-
240 1 0 _aA casinha do bosque
_lpor
245 1 0 _aA casinha do bosque
362 0 _a1899
440 1 _aDo Brasil
697 _aIJ/FABULAS
942 _cBK
999 _c161682
_d161682